| 000 | 01457cam a2200229 a 4500 | ||
|---|---|---|---|
| 003 | OSt | ||
| 005 | 20210723101740.0 | ||
| 008 | 901029s19820000ck a gr 1 spa d | ||
| 040 |
_aCO-BoPUJ _cCO-JMCR |
||
| 082 | 0 | 4 |
_a332.0986 / _bC766h _223 |
| 111 | 2 |
_aConvención Bancaria y de Instituciones Financieras _n(20 : _d1982 Oct. 28-29 : _cCartagena) _938653 |
|
| 245 | 1 | 0 |
_aHacia un nuevo orden financiero / _cVigésima Convención Bancaria y de Instituciones Financieras ; Asociación Bancaria de Colombia. |
| 260 |
_aCartagena, Colombia : _bAsociación Bancaria de Colombia, _c1982. |
||
| 300 |
_a146 páginas ; _c23 cm. |
||
| 490 | 0 |
_aBanca ; _v82 |
|
| 505 |
_tPalabras de bienvenida. / _rJosé Vicente Lozano. -- _tLas perturbaciones del sector financiero: sus causas y las posibles soluciones. / _rGuillermo Núñez Vergara, -- _tSesión de instalación. / _rGermán Botero de los Ríos. -- _tSesión de Clausura. / _rJorge Mejía Salazar. / _tSesión de Clausura. / _rEdgar Gutiérrez Castro. -- _tEconomía, sistema financiero y confianza pública. / _rCarlos Caballero Argáez _tCómo acoplarse a la desinflación con lento crecimiento. / _rFrederick Deming. -- _tBarbados, un centro creciente para los negocios extraterritoriales. / _rCourtney N. Blackman. |
||
| 650 | 2 | 4 |
_aFinanzas _938654 |
| 650 | 2 | 4 |
_aBancos _zColombia _98156 |
| 650 | 2 | 4 |
_aInstituciones financieras _938655 |
| 710 | 1 |
_aAsociación Bancaria de Colombia. _98022 |
|
| 942 |
_2ddc _cBK |
||
| 999 |
_c11960 _d11960 |
||